[Event "I Festival A"]
[Site "Salsomaggiore Terme ITA"]
[Date "1997.05.??"]
[Round "5"]
[White "Qendro, Llambi"]
[Black "Jurkovic, Ante"]
[Result "0-1"]
[WhiteElo "2335"]
[BlackElo "2320"]
[PlyCount "78"]
[EventDate "1997.05.15"]

1. d4 Nf6 2. c4 g6 3. Nc3 Bg7 4. e4 d6 5. Nge2 O-O 6. Ng3 a6 7. a4 Nfd7 8. d5
a5 9. Be2 Na6 10. O-O e5 11. dxe6 fxe6 12. Be3 Nac5 13. Ra3 b6 14. Qd2 Bb7 15.
f3 Ne5 16. Nb5 Nf7 17. Rd1 Qe7 18. Nh1 Rad8 19. Nf2 Rd7 20. b4 axb4 21. Qxb4
Ne5 22. Nd4 Nc6 23. Nxc6 Bxc6 24. a5 Rb8 25. Nd3 Rdd8 26. Qd2 bxa5 27. Bg5 Bf6
28. Bxf6 Qxf6 29. e5 dxe5 30. Qxa5 Nxd3 31. Raxd3 e4 32. Rxd8+ Rxd8 33. Rxd8+
Qxd8 34. Qc5 Qd6 35. Qe3 e5 36. fxe4 Qd4 37. Qxd4 exd4 38. e5 Kf7 39. Bg4 Be4
0-1

[Event "I Festival A"]
[Site "Salsomaggiore Terme ITA"]
[Date "1997.05.??"]
[Round "5"]
[White "Vezzosi, Paolo"]
[Black "De Val, Daniele"]
[Result "1-0"]
[WhiteElo "2290"]
[BlackElo "1885"]
[PlyCount "51"]
[EventDate "1997.05.15"]

1. e4 e5 2. Nf3 Nc6 3. Bb5 f5 4. d3 fxe4 5. dxe4 Nf6 6. Qd3 Bc5 7. Nc3 Qe7 8.
Bg5 Nb4 9. Qe2 c6 10. Bc4 d6 11. a3 Na6 12. Rd1 Bb6 13. O-O Nc5 14. Nh4 g6 15.
Kh1 Ne6 16. Bxe6 Qxe6 17. f4 h6 18. f5 gxf5 19. exf5 Qf7 20. Bxf6 Qxf6 21. Qh5+
Qf7 22. Ng6 Bc7 23. Ne4 Rf8 24. Rxd6 Bxf5 25. Nf6+ Qxf6 26. Rxf6 1-0

[Event "I Festival A"]
[Site "Salsomaggiore Terme ITA"]
[Date "1997.05.??"]
[Round "6"]
[White "Berra, Davide"]
[Black "Vezzosi, Paolo"]
[Result "0-1"]
[WhiteElo "1986"]
[BlackElo "2290"]
[PlyCount "84"]
[EventDate "1997.05.15"]

1. e4 e6 2. d4 d5 3. e5 c5 4. c3 Nc6 5. Nf3 Qb6 6. a3 Bd7 7. Be2 Nh6 8. b4 cxd4
9. cxd4 Nf5 10. Bb2 Be7 11. O-O Rc8 12. g4 Nh4 13. Nxh4 Bxh4 14. Qd3 Be7 15.
Nd2 f6 16. b5 Na5 17. exf6 Bxf6 18. g5 Bxg5 19. Bh5+ Kd8 20. a4 Nc4 21. Nxc4
Rxc4 22. Be2 Qd6 23. Qb3 Rc8 24. a5 Bf4 25. h3 Qe7 26. b6 a6 27. Qf3 Rf8 28.
Ba3 Bd6 29. Bxd6 Qxd6 30. Qg3 Qxg3+ 31. fxg3 Rxf1+ 32. Bxf1 Rc2 33. Ra3 Bc6 34.
Bd3 Rd2 35. h4 h6 36. Rc3 Kd7 37. Ra3 Kd6 38. Kh1 g5 39. hxg5 hxg5 40. Kg1 Rb2
41. Bf1 Rb4 42. Rd3 Rb1 0-1

[Event "I Festival A"]
[Site "Salsomaggiore Terme ITA"]
[Date "1997.05.??"]
[Round "6"]
[White "Doleschal, Johannes"]
[Black "Digiugno, Franco"]
[Result "1-0"]
[WhiteElo "2035"]
[BlackElo "2053"]
[PlyCount "55"]
[EventDate "1997.05.15"]

1. e4 c6 2. d4 d6 3. Nf3 Nf6 4. Nc3 g6 5. Be2 Bg7 6. O-O O-O 7. h3 Qc7 8. Bf4
Nfd7 9. Qd2 b5 10. a3 a6 11. Rad1 Bb7 12. Rfe1 e5 13. dxe5 dxe5 14. Bg5 Re8 15.
Nh2 f6 16. Be3 Nf8 17. Qd6 Qf7 18. Rd2 Ne6 19. Ng4 g5 20. Bb6 h5 21. Ne3 Bf8
22. Nf5 Nd4 23. Bxd4 Kh7 24. Bxh5 Qxh5 25. Qc7+ Kg6 26. Qxb7 exd4 27. Rxd4 g4
28. Rd3 1-0

[Event "I Festival A"]
[Site "Salsomaggiore Terme ITA"]
[Date "1997.05.??"]
[Round "6"]
[White "Formanek, Edward W."]
[Black "Sciortino, Massimo"]
[Result "0-1"]
[WhiteElo "2335"]
[BlackElo "1984"]
[PlyCount "147"]
[EventDate "1997.05.15"]

1. e4 d6 2. d4 Nf6 3. Nc3 g6 4. Bg5 c6 5. Qd2 b5 6. f3 h6 7. Be3 Nbd7 8. a4 b4
9. Nd1 Rb8 10. Bd3 Qc7 11. c3 a5 12. Ne2 Bg7 13. O-O Kf8 14. Nf2 Kg8 15. Rac1
Kh7 16. c4 e5 17. b3 c5 18. d5 Bb7 19. g3 Rbe8 20. f4 Bc8 21. Kg2 Rhf8 22. Ng1
Ng8 23. Rce1 exf4 24. gxf4 Bc3 25. Qc2 Bxe1 26. Rxe1 Re7 27. Nf3 Rfe8 28. Bd2
Kh8 29. Rg1 f6 30. Kh1 g5 31. f5 Ne5 32. Nxe5 Rxe5 33. Ng4 R5e7 34. Bc1 h5 35.
Nf2 Rh7 36. Bb2 Qe7 37. Rxg5 Qf7 38. Qd1 Ne7 39. Nh3 Rg8 40. Qa1 Rh6 41. Bc1
Rh7 42. Rxg8+ Kxg8 43. Bf4 h4 44. Qd1 Bxf5 45. exf5 Nxd5 46. Be4 Nc3 47. Qf3
Qe7 48. Bd5+ Kh8 49. Be6 Rg7 50. Bh6 Rg8 51. Nf4 Qe8 52. Bxg8 Qe1+ 53. Kg2 Kxg8
54. Qg4+ Kf7 55. Qg7+ Ke8 56. Qg8+ Kd7 57. Qe6+ Qxe6 58. fxe6+ Ke7 59. Kh3 Ne4
60. Kxh4 Nc3 61. Kg4 Nd1 62. Kf5 Ne3+ 63. Kg6 Ng4 64. Bg7 d5 65. cxd5 c4 66.
bxc4 b3 67. Ne2 Ne5+ 68. Kf5 Nxc4 69. Bxf6+ Kd6 70. Nc3 b2 71. h4 Ne3+ 72. Kg6
Nxd5 73. Nb5+ Kxe6 74. Bxb2 0-1

[Event "I Festival A"]
[Site "Salsomaggiore Terme ITA"]
[Date "1997.05.??"]
[Round "6"]
[White "Qendro, Llambi"]
[Black "Iotti, Pierluigi"]
[Result "1-0"]
[WhiteElo "2335"]
[BlackElo "2290"]
[PlyCount "47"]
[EventDate "1997.05.15"]

1. d4 Nf6 2. c4 e6 3. Nc3 Bb4 4. Qc2 c5 5. dxc5 O-O 6. a3 Bxc5 7. Nf3 Nc6 8.
Bf4 a6 9. e3 Be7 10. Be2 d6 11. Rd1 Qc7 12. O-O b6 13. Nd5 exd5 14. cxd5 Nxd5
15. Rxd5 Bb7 16. Rfd1 Rfd8 17. Ng5 Bxg5 18. Bxg5 Rd7 19. Qd2 h6 20. Bh4 Ne7 21.
Rxd6 Rxd6 22. Qxd6 Qxd6 23. Rxd6 g5 24. Rxb6 1-0

[Event "I Festival A"]
[Site "Salsomaggiore Terme ITA"]
[Date "1997.05.??"]
[Round "6"]
[White "Vignato, Giovanni"]
[Black "Griffa, Roberto"]
[Result "0-1"]
[WhiteElo "2120"]
[BlackElo "1917"]
[PlyCount "113"]
[EventDate "1997.05.15"]

1. e4 d5 2. exd5 Qxd5 3. Nc3 Qa5 4. d4 e5 5. dxe5 Nc6 6. Bb5 Bd7 7. Nf3 O-O-O
8. Qe2 Bb4 9. Bd2 Nge7 10. O-O Bg4 11. a3 Nd4 12. Qe4 Bxf3 13. axb4 Bxe4 14.
Rxa5 Nxb5 15. Nxe4 a6 16. Bg5 Rhe8 17. c4 Rd4 18. cxb5 Rxe4 19. bxa6 bxa6 20.
Rxa6 Rxe5 21. Ra8+ Kd7 22. Rd1+ Rd5 23. Rxd5+ Nxd5 24. Rxe8 Kxe8 25. Bd2 Kd7
26. Kf1 Kc6 27. Ke2 Kb5 28. Kd3 Nxb4+ 29. Kd4 c5+ 30. Ke4 Kc4 31. Bc3 f6 32. f4
Nd5 33. Be1 Nb6 34. Kf5 Kd5 35. Bd2 Nc4 36. Bc1 Nd6+ 37. Kg4 c4 38. Kf3 Ne4 39.
Be3 f5 40. g3 Nc5 41. Bxc5 Kxc5 42. Ke3 h6 43. Kd2 Kd4 44. Kc2 g6 45. Kd2 Ke4
46. Kc3 Kd5 47. Kb4 Kd4 48. Kb5 Kd5 49. Kb6 Kd6 50. Kb5 Kd5 51. h3 g5 52. Kb4
gxf4 53. gxf4 Kd4 54. Kb5 h5 55. h4 Kd5 56. Kb4 Kd4 57. Kb5 0-1

[Event "XI C.to Europeo a squadre"]
[Site "Pola CRO"]
[Date "1997.05.??"]
[Round "2.1"]
[White "Rozentalis, Eduardas"]
[Black "Godena, Michele"]
[Result "1-0"]
[WhiteElo "2650"]
[BlackElo "2545"]
[Annotator "ITA-LTU"]
[PlyCount "123"]
[EventDate "1997.05.05"]

1. e4 c5 2. c3 d5 3. exd5 Qxd5 4. d4 Nf6 5. Be3 Bg4 6. f3 cxd4 7. cxd4 Bd7 8.
Nc3 Qa5 9. Bc4 e6 10. Nge2 Be7 11. O-O O-O 12. a3 Nc6 13. b4 Qd8 14. Qd3 a6 15.
Bb3 Na7 16. Rfd1 Bb5 17. Nxb5 Nxb5 18. Bg5 Nc7 19. Nc3 Nfd5 20. Bc2 g6 21. Bh6
Re8 22. Ne4 Nf6 23. Ba4 b5 24. Bb3 a5 25. Nc5 axb4 26. axb4 Nfd5 27. Qd2 Rxa1
28. Rxa1 Bf8 29. Bxf8 Rxf8 30. Ra7 Qd6 31. g3 Ra8 32. Rb7 Kg7 33. Kg2 Qc6 34.
Qe1 Kg8 35. Qe5 Rd8 36. h4 h5 37. Bc2 Qd6 38. Be4 Qxe5 39. dxe5 Ra8 40. Bxd5
Nxd5 41. Rxb5 Ra2+ 42. Kg1 Ra1+ 43. Kf2 Ra2+ 44. Ke1 Ra1+ 45. Kd2 Ra2+ 46. Kd3
Ra3+ 47. Kd4 Rxf3 48. Rb8+ Kg7 49. Rb7 Kg8 50. Ne4 Rb3 51. b5 Rb4+ 52. Kd3 Rb3+
53. Kc2 Re3 54. Nf6+ Kg7 55. Nxd5 exd5 56. Re7 Rxg3 57. b6 Rg2+ 58. Kb3 Rg1 59.
b7 Rb1+ 60. Kc2 Rb5 61. Rd7 g5 62. e6 1-0

[Event "XI C.to Europeo a squadre"]
[Site "Pola CRO"]
[Date "1997.05.??"]
[Round "2.3"]
[White "Zagorskis, Darius"]
[Black "Arlandi, Ennio"]
[Result "1/2-1/2"]
[WhiteElo "2505"]
[BlackElo "2470"]
[Annotator "ITA-LTU"]
[PlyCount "48"]
[EventDate "1997.05.05"]

1. d4 Nf6 2. c4 e6 3. Nc3 Bb4 4. e3 O-O 5. Nge2 d5 6. a3 Be7 7. cxd5 exd5 8. g3
c6 9. Bg2 a5 10. h3 Re8 11. g4 Bd6 12. Qc2 Na6 13. f3 c5 14. O-O Bd7 15. Rd1 h6
16. dxc5 Nxc5 17. Nd4 Rc8 18. a4 Bb8 19. Bf1 Qc7 20. Qf2 Qb6 21. Bb5 Bxb5 22.
Ncxb5 Ne6 23. Bd2 Nxd4 24. Nxd4 Bd6 1/2-1/2

[Event "XI C.to Europeo a squadre"]
[Site "Pola CRO"]
[Date "1997.05.??"]
[Round "2.4"]
[White "Belotti, Bruno"]
[Black "Grabliauskas, Virginijus"]
[Result "1/2-1/2"]
[WhiteElo "2405"]
[BlackElo "2435"]
[Annotator "ITA-LTU"]
[PlyCount "81"]
[EventDate "1997.05.05"]

1. e4 c5 2. Nf3 Nc6 3. d4 cxd4 4. Nxd4 Qc7 5. Nb5 Qb8 6. c4 Nf6 7. N5c3 e6 8.
Be3 b6 9. Be2 Bc5 10. Qd2 O-O 11. Bf4 Ne5 12. Bg3 Bb7 13. Qc2 Be7 14. O-O d6
15. Nd2 a6 16. Rfc1 Ra7 17. Kh1 Ba8 18. Qd1 g5 19. b4 Nfd7 20. Rab1 Rc7 21. a4
Qc8 22. f3 h5 23. Bf2 h4 24. h3 Bf6 25. Qg1 Ng6 26. Bxb6 Nxb6 27. Qxb6 Nf4 28.
Bf1 d5 29. Nxd5 Bxd5 30. exd5 Nxd5 31. Qf2 Be7 32. Ne4 Nxb4 33. Rxb4 f5 34. c5
a5 35. Rbc4 fxe4 36. Rxe4 Bxc5 37. Qa2 Bd6 38. Rxc7 Qxc7 39. Qxe6+ Kg7 40. Rc4
Qe7 41. Qxe7+ 1/2-1/2

[Event "XI C.to Europeo a squadre"]
[Site "Pola CRO"]
[Date "1997.05.??"]
[Round "3.3"]
[White "Arlandi, Ennio"]
[Black "Jansa, Vlastimil"]
[Result "1-0"]
[WhiteElo "2470"]
[BlackElo "2490"]
[Annotator "ITA-CZE"]
[PlyCount "83"]
[EventDate "1997.05.05"]

1. d4 d6 2. Nf3 Bg4 3. c4 Nd7 4. e4 e5 5. Be2 Be7 6. Nc3 Ngf6 7. O-O O-O 8. Be3
c6 9. Qc2 Qb8 10. a3 Rc8 11. h3 Bxf3 12. Bxf3 a5 13. Rfd1 h6 14. Rac1 b5 15.
cxb5 cxb5 16. Qb3 b4 17. Nd5 Nxd5 18. exd5 Rxc1 19. Rxc1 exd4 20. Bxd4 Bf6 21.
Bxf6 Nxf6 22. axb4 axb4 23. Rc4 Qe8 24. Qxb4 Ra1+ 25. Kh2 Qe5+ 26. g3 Qf5 27.
Qc3 g5 28. g4 Qb1 29. Bg2 Kg7 30. Rc6 Qg1+ 31. Kg3 Ra4 32. Rxd6 Rf4 33. f3 Kg6
34. Rc6 Qd1 35. Qc2+ Qxc2 36. Rxc2 Nxd5 37. Bf1 Rd4 38. Rc6+ f6 39. Rd6 Kf7 40.
Rxd5 Rxd5 41. Bc4 Ke6 42. Kf2 1-0

[Event "XI C.to Europeo a squadre"]
[Site "Pola CRO"]
[Date "1997.05.??"]
[Round "3.4"]
[White "Haba, Petr"]
[Black "Belotti, Bruno"]
[Result "1-0"]
[WhiteElo "2520"]
[BlackElo "2405"]
[Annotator "ITA-CZE"]
[PlyCount "187"]
[EventDate "1997.05.05"]

1. d4 Nf6 2. c4 g6 3. Nc3 Bg7 4. e4 d6 5. f3 O-O 6. Be3 c5 7. Nge2 Nc6 8. d5
Ne5 9. Ng3 a6 10. Be2 b5 11. b3 bxc4 12. bxc4 Rb8 13. O-O Qa5 14. Qc2 h5 15.
Rfb1 Rxb1+ 16. Rxb1 Nh7 17. Na4 Qc7 18. Nb6 Nd7 19. Qb3 Nxb6 20. Qxb6 Qxb6 21.
Rxb6 Bc3 22. Rb3 Ba1 23. Nf1 f5 24. exf5 Bxf5 25. Ng3 Bc2 26. Rb7 Kf7 27. Ne4
Bxe4 28. fxe4 Nf6 29. Bf3 Rd8 30. Bd2 Rd7 31. Rb3 Ra7 32. Kf1 Ke8 33. Rb8+ Kf7
34. Ke1 Nd7 35. Rb1 Be5 36. h3 Bg3+ 37. Kd1 Ke8 38. Ba5 Ra8 39. Bc7 Ra7 40. Ba5
Ra8 41. Kc2 Rb8 42. Rxb8+ Nxb8 43. Kb3 Nd7 44. Ka4 Ne5 45. Be2 Kd7 46. Bd2 Kc7
47. Bg5 Nd7 48. Bxe7 Nb6+ 49. Kb3 Nd7 50. Bg5 Ne5 51. Bd2 Kb7 52. Kc3 Kc7 53.
Bd1 Kd7 54. Ba4+ Kc7 55. Kb3 Kb6 56. Bg5 Kc7 57. h4 Kc8 58. Be8 Kc7 59. Kc3 Bh2
60. Kc2 Bg3 61. Kd1 Bh2 62. Ke2 Bg3 63. Be7 Bh2 64. Kf1 Bg3 65. Kg1 Be1 66. Kh2
Ng4+ 67. Kh3 Nf2+ 68. Kg3 Ng4+ 69. Kf4 Bd2+ 70. Kf3 Ne5+ 71. Kf2 Bc3 72. g3
Bd4+ 73. Kg2 Nxc4 74. Bxg6 Ne3+ 75. Kf3 c4 76. Bg5 Ng4 77. Bxh5 Ne5+ 78. Ke2
Bb2 79. Bf4 Nd3 80. Bd2 Nc5 81. Ba5+ Kd7 82. Bg6 c3 83. Bf5+ Ke7 84. e5 dxe5
85. Bb4 Kd6 86. Be4 Bc1 87. g4 a5 88. Bxc5+ Kxc5 89. Kd3 Bd2 90. g5 Kd6 91. Kc4
Bf4 92. Kxc3 Kc5 93. g6 Bh6 94. Kb3 1-0

[Event "XI C.to Europeo a squadre"]
[Site "Pola CRO"]
[Date "1997.05.??"]
[Round "4.2"]
[White "Gallagher, Joseph G."]
[Black "Efimov, Igor"]
[Result "0-1"]
[WhiteElo "2545"]
[BlackElo "2530"]
[Annotator "ITA-SUI"]
[PlyCount "74"]
[EventDate "1997.05.05"]

1. e4 g6 2. d4 c6 3. Nc3 d5 4. h3 Bg7 5. Nf3 Nh6 6. Bf4 f6 7. exd5 cxd5 8. Nb5
Na6 9. c4 O-O 10. cxd5 Qxd5 11. Rc1 Kh8 12. Bc4 Qe4+ 13. Be3 Nf5 14. O-O Nxe3
15. Qe2 Bh6 16. Rfe1 Bd7 17. Nc3 Qf4 18. fxe3 Qg3 19. Ne4 Qb8 20. Qf2 Kg7 21.
Bxa6 bxa6 22. Nc5 Bc8 23. Rc3 Qd6 24. Rb3 Rb8 25. Nd2 Rxb3 26. axb3 e5 27. Qg3
Re8 28. Rf1 Qe7 29. Nc4 exd4 30. exd4 Kh8 31. Nd6 Rd8 32. Nxc8 Qe3+ 33. Kh2
Rxc8 34. Qd6 Re8 35. Rxf6 a5 36. Ne6 Rxe6 37. Qxe6 Bf4+ 0-1

[Event "XI C.to Europeo a squadre"]
[Site "Pola CRO"]
[Date "1997.05.??"]
[Round "4.3"]
[White "Arlandi, Ennio"]
[Black "Zueger, Beat"]
[Result "1/2-1/2"]
[WhiteElo "2470"]
[BlackElo "2455"]
[Annotator "ITA-SUI"]
[PlyCount "45"]
[EventDate "1997.05.05"]

1. d4 Nf6 2. c4 g6 3. Nc3 Bg7 4. e4 d6 5. Nf3 Bg4 6. Be2 O-O 7. Be3 Nfd7 8. Ng1
Bxe2 9. Ngxe2 c5 10. O-O cxd4 11. Nxd4 Nc6 12. b3 Rc8 13. Qd2 Qa5 14. Rfd1 Rfe8
15. Rac1 a6 16. h3 Nc5 17. f3 Nxd4 18. Bxd4 Bxd4+ 19. Qxd4 Ne6 20. Qd2 Rc6 21.
Qb2 Qe5 22. Rd5 Qg3 23. Ne2 1/2-1/2

[Event "XI C.to Europeo a squadre"]
[Site "Pola CRO"]
[Date "1997.05.??"]
[Round "5.2"]
[White "Arlandi, Ennio"]
[Black "Rogic, Davor"]
[Result "1-0"]
[WhiteElo "2470"]
[BlackElo "2455"]
[Annotator "ITA-CRO"]
[PlyCount "73"]
[EventDate "1997.05.05"]

1. d4 d5 2. c4 c6 3. Nc3 dxc4 4. e3 b5 5. a4 b4 6. Na2 e6 7. Bxc4 Nd7 8. Nf3
Bb7 9. O-O Ngf6 10. Bd2 a5 11. Nc1 Bd6 12. Nb3 O-O 13. Qe2 Ne4 14. Rfd1 c5 15.
Be1 Qe7 16. dxc5 Ndxc5 17. Nfd4 Qh4 18. h3 Qg5 19. Qg4 Qh6 20. Nxc5 Bxc5 21.
Nb3 Bb6 22. Nd2 Nf6 23. Qe2 Rac8 24. Ba6 Bxg2 25. Kxg2 Rc5 26. f4 Rh5 27. Qf3
Nd5 28. Nf1 Bxe3 29. Rxd5 exd5 30. Nxe3 d4 31. Be2 Rc5 32. Ng4 Qg6 33. Kh1 Re8
34. Bd3 Qd6 35. Bd2 h5 36. Ne5 f6 37. Qxh5 1-0

[Event "XI C.to Europeo a squadre"]
[Site "Pola CRO"]
[Date "1997.05.??"]
[Round "5.3"]
[White "Stevic, Hrvoje"]
[Black "Belotti, Bruno"]
[Result "0-1"]
[WhiteElo "2400"]
[BlackElo "2405"]
[Annotator "ITA-CRO"]
[PlyCount "83"]
[EventDate "1997.05.05"]

1. e4 c5 2. c3 d5 3. exd5 Qxd5 4. d4 Nf6 5. Nf3 Nc6 6. Na3 Bg4 7. Bc4 Bxf3 8.
gxf3 Qf5 9. dxc5 Nd7 10. Qd5 Qxd5 11. Bxd5 Nxc5 12. Be3 Ne5 13. Bxc5 Nd3+ 14.
Ke2 Nxc5 15. Nb5 Rd8 16. b4 e6 17. Bc4 Na4 18. Bb3 Nb6 19. Nxa7 Bd6 20. h3 Be5
21. Nb5 Ke7 22. Rhd1 Nd7 23. a4 Nf6 24. a5 Nh5 25. Bc2 f5 26. a6 Nf4+ 27. Kf1
bxa6 28. Rxa6 Rxd1+ 29. Bxd1 Nxh3 30. c4 Rd8 31. Be2 Rd2 32. Ra3 Rb2 33. Re3
Kf6 34. Bd3 Nf4 35. Ke1 Ng2+ 36. Kf1 Nxe3+ 37. fxe3 Rxb4 38. Na7 Rb3 39. Be2
Rxe3 40. Kf2 g5 41. Nc6 Rc3 42. Nb4 0-1

[Event "XI C.to Europeo a squadre"]
[Site "Pola CRO"]
[Date "1997.05.??"]
[Round "6.4"]
[White "Belotti, Bruno"]
[Black "Kochetkov, German"]
[Result "1/2-1/2"]
[WhiteElo "2405"]
[BlackElo "2350"]
[Annotator "ITA-BLR"]
[PlyCount "101"]
[EventDate "1997.05.05"]

1. e4 c5 2. Nf3 Nc6 3. d4 cxd4 4. Nxd4 e5 5. Nb5 d6 6. N1c3 a6 7. Na3 b5 8. Nd5
Nce7 9. c4 Nxd5 10. exd5 bxc4 11. Nxc4 Nf6 12. g3 Bg4 13. Qa4+ Bd7 14. Qa3 Qc7
15. Bd2 Nxd5 16. Rc1 Nf6 17. Nxe5 dxe5 18. Qxf8+ Rxf8 19. Rxc7 Rb8 20. b3 Ne4
21. Ba5 f5 22. Be2 Rf7 23. f3 Nd6 24. Rc5 Rc8 25. Rxe5+ Re7 26. Rxe7+ Kxe7 27.
Kd2 Ke6 28. Re1 Kd5 29. Bc3 g6 30. Bxa6 Ra8 31. Re5+ Kc6 32. Be2 Rxa2+ 33. Kc1
Be8 34. Kb1 Ra7 35. Kb2 Bf7 36. Bd4 Rb7 37. Re3 Kd7 38. Kc2 f4 39. Rd3 g5 40.
Kb2 Bc4 41. gxf4 Bxd3 42. Bxd3 gxf4 43. Bxh7 Rb5 44. Kc3 Rh5 45. Bd3 Rxh2 46.
Be5 Rh4 47. Kd4 Ke6 48. b4 Nf5+ 49. Bxf5+ Kxf5 50. b5 Rh3 51. b6 1/2-1/2

[Event "XI C.to Europeo a squadre"]
[Site "Pola CRO"]
[Date "1997.05.??"]
[Round "7.1"]
[White "Godena, Michele"]
[Black "Ftacnik, Lubomir"]
[Result "1/2-1/2"]
[WhiteElo "2545"]
[BlackElo "2595"]
[Annotator "ITA-SVK"]
[PlyCount "56"]
[EventDate "1997.05.05"]

1. e4 d6 2. d4 Nf6 3. Bd3 g6 4. c3 Bg7 5. Nf3 O-O 6. O-O Nc6 7. h3 e5 8. Re1
Nd7 9. Bb5 Ne7 10. Nbd2 a6 11. Bf1 b6 12. a4 a5 13. Bb5 Bb7 14. Nf1 c6 15. Bd3
Qc7 16. Qc2 Rfe8 17. dxe5 dxe5 18. Be3 Nc8 19. N1d2 Bf8 20. Red1 f6 21. Bc4+
Kg7 22. Ba2 Bc5 23. Nc4 Ba6 24. Qd2 Ra7 25. Bh6+ Kh8 26. b4 Be7 27. Ne3 Nd6 28.
Qc2 Bb7 1/2-1/2

[Event "XI C.to Europeo a squadre"]
[Site "Pola CRO"]
[Date "1997.05.??"]
[Round "7.2"]
[White "Timoscenko, Gennadij A."]
[Black "Efimov, Igor"]
[Result "1/2-1/2"]
[WhiteElo "2515"]
[BlackElo "2530"]
[Annotator "ITA-SVK"]
[PlyCount "100"]
[EventDate "1997.05.05"]

1. d4 d6 2. e4 Nf6 3. Nc3 g6 4. Be3 Bg7 5. Qd2 Ng4 6. Bg5 c5 7. dxc5 dxc5 8. f3
Qxd2+ 9. Bxd2 Nf6 10. Nb5 Na6 11. O-O-O O-O 12. Be3 Be6 13. a3 Rfc8 14. Ne2 Nc7
15. Nxc7 Rxc7 16. Nf4 Bh6 17. Re1 Bd7 18. Kb1 Kg7 19. e5 Ng8 20. e6 fxe6 21.
Bc4 Rf8 22. Nxe6+ Bxe6 23. Bxe6 Bxe3 24. Rxe3 Rd8 25. Kc1 Nf6 26. Rd1 Rd6 27.
g3 Kf8 28. a4 Rcc6 29. Bc4 Rd4 30. b3 Rxd1+ 31. Kxd1 Rd6+ 32. Ke2 Nd7 33. Bd3
Nf6 34. Re5 Nd7 35. Re4 Nf6 36. Re5 Nd7 37. Re4 Nf6 38. Rc4 Nd7 39. Be4 b6 40.
Bb7 Nf6 41. Rc3 Rd7 42. Ba6 Rd6 43. Bc4 Nd5 44. Rd3 e6 45. f4 Ke7 46. c3 Nf6
47. Rxd6 Kxd6 48. Kf3 Nd5 49. Bxd5 exd5 50. g4 Ke6 1/2-1/2

[Event "XI C.to Europeo a squadre"]
[Site "Pola CRO"]
[Date "1997.05.??"]
[Round "7.4"]
[White "Salai, Ladislav"]
[Black "Mantovani, Renzo"]
[Result "1/2-1/2"]
[WhiteElo "2460"]
[BlackElo "2365"]
[Annotator "ITA-SVK"]
[PlyCount "149"]
[EventDate "1997.05.05"]

1. e4 c5 2. c3 d5 3. exd5 Qxd5 4. d4 Nf6 5. Nf3 Nc6 6. Be2 e6 7. O-O cxd4 8.
cxd4 Be7 9. Nc3 Qd6 10. Be3 O-O 11. a3 b6 12. Qa4 Bb7 13. Rfd1 Rfd8 14. Rac1
Rac8 15. Ba6 Qb8 16. Bg5 h6 17. Bxf6 Bxf6 18. d5 Bxa6 19. dxc6 Bd3 20. Nb5 Bxb5
21. Qxb5 Rxd1+ 22. Rxd1 a6 23. Qc4 b5 24. Qc2 Qc7 25. Rc1 Qd6 26. Nd2 Bd4 27.
Ne4 Qd5 28. b3 f5 29. Ng3 Rc7 30. h3 Be5 31. Nf1 Bf4 32. Ne3 Qe5 33. Qd2 Qd6
34. Qxd6 Bxd6 35. a4 Kf7 36. g4 g6 37. axb5 axb5 38. Rc3 Ke7 39. Nc2 e5 40. f3
Ke6 41. Kf2 Be7 42. Ke2 f4 43. Kd3 Kd5 44. b4 Bd6 45. Na3 Rxc6 46. Nxb5 Rb6 47.
Nxd6 Kxd6 48. Rb3 Rb5 49. h4 Kd5 50. Rb1 g5 51. hxg5 hxg5 52. Rb2 e4+ 53. fxe4+
Ke5 54. Rb3 Rb7 55. b5 Rb6 56. Rb4 Rd6+ 57. Ke2 Rb6 58. Kf3 Ke6 59. Kf2 Ke5 60.
Ke2 Ke6 61. Kd3 Ke5 62. Kc4 Rb8 63. Kc3 Rb6 64. Kd3 Rd6+ 65. Kc3 f3 66. Rb2
Kxe4 67. b6 Ke3 68. b7 Rc6+ 69. Kb3 Rb6+ 70. Kc2 Rxb7 71. Rxb7 f2 72. Re7+ Kf3
73. Rf7+ Ke2 74. Re7+ Kf3 75. Rf7+ 1/2-1/2

[Event "XI C.to Europeo a squadre"]
[Site "Pola CRO"]
[Date "1997.05.??"]
[Round "8.2"]
[White "Efimov, Igor"]
[Black "Kempinski, Robert"]
[Result "0-1"]
[WhiteElo "2530"]
[BlackElo "2515"]
[Annotator "ITA-POL"]
[PlyCount "84"]
[EventDate "1997.05.05"]

1. d4 Nf6 2. Nf3 g6 3. g3 Bg7 4. Bg2 d5 5. O-O O-O 6. Bf4 c6 7. Nbd2 Qb6 8. Qc1
Ne4 9. c3 Nxd2 10. Nxd2 Bf5 11. e4 dxe4 12. Re1 Nd7 13. Bxe4 Bxe4 14. Rxe4 Rfe8
15. Nc4 Qb5 16. b3 Nf6 17. Re2 Qh5 18. Qe1 Nd5 19. Bd2 c5 20. Re4 cxd4 21. cxd4
Red8 22. Kg2 Qf5 23. Qe2 Rac8 24. a4 Nf6 25. Rxe7 Rxd4 26. Re1 Qd5+ 27. Kg1 Rd3
28. Bf4 Rxb3 29. Nd6 Rf8 30. Rd1 Rb2 31. Qe1 Qf3 32. Rc1 Nd5 33. Rxf7 Re2 34.
Rxg7+ Kxg7 35. Qf1 Nxf4 36. gxf4 Rxf4 37. Rc7+ Kg8 38. Rc8+ Rf8 39. Rxf8+ Kxf8
40. Nxb7 Qg4+ 41. Kh1 Qe4+ 42. f3 Qe5 0-1

[Event "XI C.to Europeo a squadre"]
[Site "Pola CRO"]
[Date "1997.05.??"]
[Round "8.4"]
[White "Belotti, Bruno"]
[Black "Grabarczyk, Miroslaw"]
[Result "0-1"]
[WhiteElo "2405"]
[BlackElo "2480"]
[Annotator "ITA-POL"]
[PlyCount "44"]
[EventDate "1997.05.05"]

1. e4 e5 2. Nf3 Nc6 3. d4 exd4 4. Nxd4 Nf6 5. Nxc6 bxc6 6. e5 Qe7 7. Qe2 Nd5 8.
c4 Nb6 9. g3 g6 10. Nd2 Bg7 11. Nf3 O-O 12. Bg5 Qe6 13. O-O-O a5 14. Kb1 Ba6
15. Rc1 Rfb8 16. Rc2 Nxc4 17. Rxc4 Rb4 18. Nd2 Bxc4 19. Nxc4 Qf5+ 20. Qd3 Qxg5
21. Qxd7 Rd8 22. h4 Rxd7 0-1

[Event "XI C.to Europeo a squadre"]
[Site "Pola CRO"]
[Date "1997.05.??"]
[Round "9.3"]
[White "Arlandi, Ennio"]
[Black "Rocha, Sergio"]
[Result "0-1"]
[WhiteElo "2470"]
[BlackElo "2405"]
[Annotator "ITA-POR"]
[PlyCount "166"]
[EventDate "1997.05.05"]

1. d4 d6 2. Nf3 Bg4 3. c4 e5 4. dxe5 Nc6 5. Bg5 Qd7 6. exd6 Bxd6 7. Nc3 Qf5 8.
Qd5 Qg6 9. Qe4+ Qxe4 10. Nxe4 Bb4+ 11. Bd2 Bxd2+ 12. Kxd2 O-O-O+ 13. Kc3 f5 14.
Neg5 Rd7 15. h3 Bh5 16. g4 h6 17. gxh5 hxg5 18. Nxg5 Rxh5 19. Ne6 Nf6 20. Bg2
Rh4 21. Nc5 Re7 22. e3 Na5 23. b3 g5 24. Rad1 b6 25. Nd3 Nb7 26. Nb4 Rf7 27.
Nc6 a5 28. Na7+ Kb8 29. Nc6+ Kc8 30. Ne5 Rfh7 31. Rhf1 Nd6 32. Kc2 R4h5 33. Rd4
Nfe4 34. Nd3 Rg7 35. Rd5 Nf6 36. Rd4 Nfe4 37. Nc1 Rh8 38. Ne2 Nc5 39. Nc3 Kb8
40. Rd5 g4 41. hxg4 fxg4 42. Rd2 Re8 43. Bc6 Rf8 44. Rg1 Nf5 45. Rgd1 Rgg8 46.
Bd5 Rg7 47. Ne4 Nb7 48. Rg1 Nh4 49. Re2 Nf3 50. Rg3 Ne5 51. Nc3 Rh7 52. Be6 Rh4
53. Bd5 Nd6 54. Rg1 Rh2 55. Nd1 Rf6 56. Rg2 Rh4 57. Nc3 c6 58. Ne4 Nxe4 59.
Bxe4 Kc7 60. Re1 Rh8 61. Rd1 Re8 62. Bd3 Ref8 63. Rf1 Kd6 64. Be2 Kc5 65. Kc3
b5 66. cxb5 cxb5 67. a3 b4+ 68. axb4+ axb4+ 69. Kb2 Rd8 70. Rc1+ Kb6 71. Rc2
Rdf8 72. Bc4 Rd8 73. Kc1 Rh6 74. Be2 Rh1+ 75. Kb2 Rh4 76. Rg1 Rh7 77. Rg3 Ra7
78. f4 Rda8 79. Kc1 Ra1+ 80. Kd2 Rd8+ 81. Bd3 Nxd3 82. Rc4 Ra2+ 83. Kd1 Nf2+
0-1

[Event "II C.to Europeo a squadre femminile"]
[Site "Pola CRO"]
[Date "1997.05.??"]
[Round "1.1"]
[White "Richtrova, Eliska"]
[Black "Riegler, Alessandra"]
[Result "1-0"]
[WhiteElo "2295"]
[BlackElo "2050"]
[Annotator "ITA-CZE"]
[PlyCount "37"]
[EventDate "1997.05.05"]

1. d4 Nf6 2. Nf3 g6 3. Nc3 Bg7 4. e4 d6 5. Bc4 O-O 6. Qe2 Nbd7 7. e5 dxe5 8.
dxe5 Ng4 9. e6 Nde5 10. exf7+ Nxf7 11. Bg5 Bf6 12. h3 Bxg5 13. Nxg5 Ngh6 14.
Rd1 Qe8 15. Nd5 Rb8 16. O-O Kh8 17. Nxe7 Bd7 18. Qe3 Bb5 19. Qd4+ 1-0

[Event "II C.to Europeo a squadre femminile"]
[Site "Pola CRO"]
[Date "1997.05.??"]
[Round "1.2"]
[White "Goi, Veronika"]
[Black "Jackova, Jana"]
[Result "0-1"]
[WhiteElo "1567"]
[BlackElo "2245"]
[Annotator "ITA-CZE"]
[PlyCount "72"]
[EventDate "1997.05.05"]

1. e4 e5 2. Nf3 Nc6 3. Bc4 Nf6 4. Nc3 Bb4 5. Qe2 O-O 6. O-O Re8 7. a3 Bf8 8. d3
Nd4 9. Qd1 c6 10. Bg5 h6 11. Bh4 b5 12. Ba2 a5 13. Nb1 d6 14. c3 Ne6 15. Nbd2
Nf4 16. d4 Ng6 17. Bg3 Qb6 18. Re1 Ba6 19. dxe5 dxe5 20. Qb3 Ra7 21. Rad1 Bc5
22. Rf1 Nh5 23. c4 Ngf4 24. Rde1 Rd7 25. Bb1 bxc4 26. Qxb6 Bxb6 27. Rd1 c3 28.
Nb3 Rb7 29. Rfe1 a4 30. Nc1 cxb2 31. Na2 Nxg3 32. hxg3 Ne2+ 33. Kh2 Bxf2 34.
Rh1 Bxg3+ 35. Kh3 Rb3 36. Nb4 Bc8+ 0-1